000 00653nam a2200229 a 4500
001 ES-MaREB00309826-X
003 OSt
005 20140723213003.0
008 020226s1998 esp 000 0 spa d
020 _a84-368-1032-5
040 _cBMC
082 _a658.15
082 _a658.152
100 1 _96110
_aSuárez Suárez, Andrés S.
_d1939-2005
245 1 0 _aDecisiones óptimas de inversión y financiación en la empresa
_cAndrés S. Suárez Suárez
250 _a18ª ed
260 _aMadrid
_bPirámide
_c1998
300 _a931 p.
_c24 cm
650 2 4 _aEmpresas
_xFinanzas
_95713
650 2 4 _914120
_aEmpresas
_xInversiones
942 _2ddc
_cBK
999 _c7251
_d7251